000 00492nam a2200169Ia 4500
008 230917s9999||||xx |||||||||||||| ||und||
020 _cRS3000
040 _e219083
_aMAIN
041 _aEnglish
082 _a362.1068 S72H
100 _aSunder, I
245 0 _aHealth economics and health core management
260 _aNew Delhi
_bSerials Publications
_c2012
300 _axiii, 636 p.
500 _a1639 01/09/2014 IBS88 03/09/2014 Ch. Ranbir Singh Institute of Social and
942 _cBK
999 _c12168
_d12168